000 01024nac a22002777a 4500
001 BR7803772
003 BR-BrBNA
005 20240105114245.0
008 230509b bl.|||m| |||| 00| 0 por d
040 _aBR-BrBNA
_bpor
_cBiblioteca Nacional de Agricultura
072 _aQ10; E10
090 _aQ10 BR7803772
110 1 _aCompanhia Industrial de Conservas Alimenticias, Jundiai, SP (Brasil)
_92446
245 1 _aRelatorio de atividades 77/78; complexo agroindustrial CICA [Companhia Industrial de Conservas Alimenticias; Industria alimenticia; Empresa industrial; Brasil]
260 3 _aJundiai, SP (Brasil):
_c1978.
300 _a22 p.
490 _aRelatorio - Companhia Industrial de Conservas Alimenticias (Brazil)
_v
_x
500 _a11 illus.; 16 tables; Summary (En)
650 _aTecnologia de alimento
650 _aMacroeconomia
650 _aIndustria alimenticia
650 _aConserva
650 _aEmpresa Industrial
909 _a202312
_bLúcia Elande
_c55
_dLúcia Elande
942 _2AGRIS
_n0
_cMS
999 _c268299
_d268299